000 00435nam a2200181Ia 4500
001 10245
005 20260306161818.0
008 260306t2003||||xx |||||||||||||| ||spa||
041 _aESP
082 _a909.82
_bG77
100 _aGispert, Carlos (Dir.)
_eAUT
245 0 _aGran crónica Océano del siglo XX
260 _c2003
300 _a624 páginas :
_c30 cm.
650 _aGEN
654 _aCHU
942 _cLIB
_dJUS
_fJUS
_2ddc
_n
999 _c10245
_d10245